000 00662nam a2200205 a 4500
005 20221026063616.0
008 140519s2005 es r 000 0 spa d
020 _a8493388343
035 _aUPN01000197277
049 _aI
050 4 _aPZ7
_bW5.6
100 1 _aWillems, Mo,
_d1968-
_935613
245 1 1 _a¡No dejes que la paloma conduzca el autobús! /
_ctexto e il. de Mo Willems ; tr. Sheldon Fogelman.
260 _aEspaña :
_bEntrelibros,
_c2005.
300 _a[34] p. :
_bprincipalmente il. col.
650 7 _aLiteratura infantil estadounidense
_2
_99173
650 7 _aPalomas
_vCuentos y leyendas
_2
_922265
905 _aInfantil
999 _c169378
_d169378